000 00764nam a2200193 a 4500
008 120416s1993 ||||||||||||||||| || u
020 _a0821325183
050 _aIBRD(06)SS/1993/1
100 _aFaruqi, Shakil, 1942
245 1 0 _aFinancial sector reforms in Asia and Latin American countries: lessons of comparative experience
_cedited by Shakil Faruqi
260 _aWashington, D. C.
_bWorld Bank
_c1993
300 _aviii, 268p. : ill.
350 _a0.00
490 _aEDI Seminar Series
650 _aFINANCIAL INSTITUTIONS--ASIA
650 _aFINANCIAL INSTITUTIONS--LATIN AMERICA
710 _aWorld Bank
995 _D0.00
_FCBU-MAIN LIBRARY (Kitwe)
_H1
_I0.00
_UAVAILABLE
_ZInternational Publications
999 _c43440
_d43440